Vývoj vybratých komodít na Londýnskej komoditnej burze Príloha Hospodárskych novín
Prehľad o vývoji cien najdôležitejších poľnohospodárskych komodít na Londýnskej komoditnej burze. Poznatky o dianí u najvýznamnejších výrobcov. Analýza cien kakaa, kávy, kukurice a jačmeňa.
Guardado en:
| Autor principal: | |
|---|---|
| Formato: | Capítulo de libro |
| Lenguaje: | eslovaco |
| Materias: | |
| Etiquetas: |
Sin Etiquetas, Sea el primero en etiquetar este registro!
|
MARC
| LEADER | 00000naa a2200000 4500 | ||
|---|---|---|---|
| 001 | r021173 | ||
| 005 | 20230801104654.9 | ||
| 041 | 0 | |a slo | |
| 044 | |a SK | ||
| 245 | 1 | 0 | |a Vývoj vybratých komodít na Londýnskej komoditnej burze |b Príloha Hospodárskych novín |c I. Masár |
| 520 | |a Prehľad o vývoji cien najdôležitejších poľnohospodárskych komodít na Londýnskej komoditnej burze. Poznatky o dianí u najvýznamnejších výrobcov. Analýza cien kakaa, kávy, kukurice a jačmeňa. | ||
| 610 | 2 | 0 | |a Veľká Británia |
| 610 | 2 | 0 | |a Londýn |
| 610 | 2 | 0 | |a Londýnska komoditná burza |
| 610 | 2 | 0 | |a burzy komoditné |
| 610 | 2 | 0 | |a komodity |
| 610 | 2 | 0 | |a kakao |
| 610 | 2 | 0 | |a káva |
| 610 | 2 | 0 | |a kukurica |
| 610 | 2 | 0 | |a jačmeň sladovnícky |
| 610 | 2 | 0 | |a ceny burzové |
| 100 | 1 | |a Masár, I. | |